[Event "EU-Cup 39th"]
[Site "Vrnjacka Banja"]
[Date "2024.10.20"]
[Round "1.4"]
[White "Gledura, Benjamin"]
[Black "Grochal, Joey"]
[Result "1/2-1/2"]
[WhiteElo "2639"]
[BlackElo "2272"]
[PlyCount "73"]
[EventDate "2024.10.20"]
[EventType "team-swiss"]
[EventRounds "7"]
[EventCountry "SRB"]
[SourceTitle "CB44_2024"]
[Source "Chessbase"]
[SourceDate "2024.10.30"]
[SourceVersion "1"]
[SourceVersionDate "2024.10.30"]
[SourceQuality "1"]
[WhiteTeam "Nagykanizsa Tuxera"]
[BlackTeam "Wachtebeke"]
[WhiteTeamCountry "HUN"]
[BlackTeamCountry "BEL"]

1. g3 d5 2. Nf3 Nf6 3. Bg2 c6 4. 0-0 Bg4 5. d3 Nbd7 6. h3 Bxf3 7. Bxf3 g6 8. Bg2 Bg7 9. e4 e6 10. Qe2 0-0 11. e5 Ne8 12. d4 f6 13. f4 Qb6 14. Qe3 fxe5 15. fxe5 Rxf1+ 16. Bxf1 c5 17. c3 Rc8 18. Na3 cxd4 19. cxd4 Nd6 20. g4 Ne4 21. Nb5 Nb8 22. Nc3 Nc6 23. Nxe4 dxe4 24. Qxe4 Qxd4+ 25. Qxd4 Nxd4 26. Be3 Bxe5 27. Rd1 Rd8 28. Kg2 Rd6 29. Bxd4 Bxd4 30. Bc4 Kg7 31. b3 e5 32. Rf1 Rf6 33. Rxf6 Kxf6 34. Kf3 Kg5 35. Bg8 h6 36. Bf7 Bc3 37. Ke4 1/2-1/2

[Event "Bundesliga 2425"]
[Site "Germany"]
[Date "2024.10.06"]
[Round "2.7"]
[White "Gledura, Benjamin"]
[Black "Fedoseev, Vladimir1"]
[Result "1-0"]
[WhiteElo "2628"]
[BlackElo "2692"]
[PlyCount "99"]
[EventDate "2024.09.28"]
[EventType "team-tourn"]
[EventRounds "15"]
[EventCountry "GER"]
[SourceTitle "EXT 2025"]
[Source "ChessBase"]
[SourceDate "2024.10.14"]
[SourceVersion "1"]
[SourceVersionDate "2024.10.14"]
[SourceQuality "1"]
[WhiteTeam "Deizisau"]
[BlackTeam "Bayern Muenchen"]
[WhiteTeamCountry "GER"]
[BlackTeamCountry "GER"]

1. d4 d5 2. c4 dxc4 3. Nf3 c5 4. d5 e6 5. Nc3 Nf6 6. e4 Nxe4 7. Nxe4 exd5 8. Nc3 Be6 9. Ng5 Nc6 10. Nxe6 fxe6 11. g3 Qf6 12. Bg2 Be7 13. 0-0 Rd8 14. Bd2 0-0 15. b3 cxb3 16. axb3 Qf7 17. f4 Bf6 18. Rc1 b6 19. Kh1 Nd4 20. Ne2 Nf5 21. Ng1 c4 22. bxc4 dxc4 23. Rxc4 b5 24. Rc6 Qd7 25. Qe1 Nd4 26. Rc3 b4 27. Rd3 a5 28. g4 Qf7 29. Qd1 Qg6 30. Bc1 Nb5 31. f5 exf5 32. gxf5 Qe8 33. Ne2 Kh8 34. Nf4 Rxd3 35. Qxd3 Nc3 36. Bb2 Qb5 37. Ng6+ Kg8 38. Qxb5 Nxb5 39. Bd5+ Rf7 40. Bxf6 gxf6 41. Rg1 Nc3 42. Ne5+ Kf8 43. Bxf7 fxe5 44. Bc4 Ne4 45. f6 Nxf6 46. Ra1 Ne4 47. Rxa5 Nd2 48. Bd5 e4 49. Kg2 e3 50. Rb5 1-0

[Event "Bundesliga 2425"]
[Site "Germany"]
[Date "2024.10.05"]
[Round "1.8"]
[White "Ghosh, Diptayan"]
[Black "Gledura, Benjamin"]
[Result "1/2-1/2"]
[WhiteElo "2566"]
[BlackElo "2628"]
[PlyCount "43"]
[EventDate "2024.09.28"]
[EventType "team-tourn"]
[EventRounds "15"]
[EventCountry "GER"]
[SourceTitle "EXT 2025"]
[Source "ChessBase"]
[SourceDate "2024.10.14"]
[SourceVersion "1"]
[SourceVersionDate "2024.10.14"]
[SourceQuality "1"]
[WhiteTeam "Deggendorf"]
[BlackTeam "Deizisau"]
[WhiteTeamCountry "GER"]
[BlackTeamCountry "GER"]

1. d4 Nf6 2. c4 e6 3. Nc3 Bb4 4. e3 b6 5. Nge2 Ba6 6. a3 Be7 7. Nf4 0-0 8. Bd3 d5 9. cxd5 Bxd3 10. Qxd3 exd5 11. 0-0 Bd6 12. Ncxd5 Nxd5 13. Nxd5 Bxh2+ 14. Kxh2 Qxd5 15. e4 Qd6+ 16. Kg1 c5 17. Rd1 cxd4 18. Qxd4 Qxd4 19. Rxd4 Nc6 20. Rd6 Rac8 21. Bf4 Rfd8 22. Rxd8+ 1/2-1/2

[Event "Julius Baer GenCup Pl/In"]
[Site "Chess.com INT"]
[Date "2024.09.25"]
[Round "8"]
[White "Gledura, Benjamin"]
[Black "Moussard, Jules"]
[Result "1/2-1/2"]
[WhiteElo "2628"]
[BlackElo "2600"]
[PlyCount "125"]
[EventDate "2024.09.25"]
[EventType "swiss (rapid)"]
[EventRounds "9"]
[EventCountry "GER"]
[SourceTitle "EXT 2025"]
[Source "ChessBase"]
[SourceDate "2024.10.14"]
[SourceVersion "1"]
[SourceVersionDate "2024.10.14"]
[SourceQuality "1"]

1. d4 Nf6 2. c4 e6 3. Nc3 d5 4. cxd5 exd5 5. Bg5 c6 6. e3 h6 7. Bh4 Be7 8. Bd3 0-0 9. Nge2 Ne8 10. Bxe7 Qxe7 11. 0-0 Nd6 12. Qd2 Bf5 13. Ng3 Bxd3 14. Qxd3 Re8 15. Rae1 Nd7 16. f3 Qe6 17. e4 dxe4 18. fxe4 Qc4 19. Qxc4 Nxc4 20. b3 Ncb6 21. Nf5 Re6 22. e5 f6 23. exf6 Rxf6 24. Ne4 Re6 25. Ned6 Rxe1 26. Rxe1 Nd5 27. Ne7+ Kf8 28. Nxd5 cxd5 29. Nxb7 Nf6 30. Nc5 Rb8 31. Kf2 Kf7 32. h3 h5 33. Ke3 h4 34. Kd2 Rh8 35. a4 a5 36. Kc3 Rb8 37. Re5 Rb6 38. Rf5 Kg6 39. Re5 Kf7 40. Re3 Rb8 41. Rf3 Kg6 42. g4 hxg3 43. Rxg3+ Kf7 44. h4 Rc8 45. Rf3 Ke7 46. b4 Ne4+ 47. Kd3 axb4 48. Nxe4 dxe4+ 49. Kxe4 Ra8 50. Rg3 Kf7 51. Kd5 Rxa4 52. Kc5 Ra3 53. Rg2 b3 54. Rb2 Ke6 55. Kb4 Ra1 56. Rxb3 Kd5 57. Rg3 Kxd4 58. Rxg7 Rb1+ 59. Ka3 Ke5 60. h5 Rh1 61. h6 Rxh6 62. Rg3 Rh4 63. Rb3 1/2-1/2

[Event "Julius Baer GenCup Pl/In"]
[Site "Chess.com INT"]
[Date "2024.09.25"]
[Round "3"]
[White "Moroni, Luca Jr"]
[Black "Gledura, Benjamin"]
[Result "0-1"]
[WhiteElo "2558"]
[BlackElo "2628"]
[PlyCount "91"]
[EventDate "2024.09.25"]
[EventType "swiss (rapid)"]
[EventRounds "9"]
[EventCountry "GER"]
[SourceTitle "EXT 2025"]
[Source "ChessBase"]
[SourceDate "2024.10.14"]
[SourceVersion "1"]
[SourceVersionDate "2024.10.14"]
[SourceQuality "1"]

1. c4 d6 2. g3 g6 3. Bg2 Bg7 4. Nc3 e5 5. e3 Nc6 6. Nge2 h5 7. d4 h4 8. d5 Nce7 9. e4 f5 10. Ng1 fxe4 11. Nxe4 Bf5 12. g4 h3 13. Bf3 Bxe4 14. Bxe4 Nf6 15. Qc2 Qd7 16. Bxg6+ Nxg6 17. Qxg6+ Qf7 18. Qxf7+ Kxf7 19. g5 Ne4 20. Be3 Kg6 21. Ne2 Raf8 22. Rg1 Rf3 23. Ng3 Nxg3 24. Rxg3 e4 25. Ke2 Rxg3 26. fxg3 Bxb2 27. Rb1 Be5 28. Bf4 Bd4 29. Rxb7 Bb6 30. Be3 Rc8 31. a4 Kf5 32. Kf2 Ke5 33. g6 Kf6 34. a5 Bxa5 35. Rxa7 Bc3 36. g7 Kxg7 37. Bb6 Kf6 38. Rxc7 Rb8 39. c5 Bd4+ 40. Ke2 Ke5 41. Rh7 Kxd5 42. Rxh3 dxc5 43. Rh6 Ra8 44. h4 Ra2+ 45. Kd1 e3 46. Rh5+ 0-1

[Event "Julius Baer GenCup Pl/In"]
[Site "Chess.com INT"]
[Date "2024.09.25"]
[Round "1"]
[White "Xu, Yi"]
[Black "Gledura, Benjamin"]
[Result "1-0"]
[WhiteElo "2496"]
[BlackElo "2628"]
[PlyCount "171"]
[EventDate "2024.09.25"]
[EventType "swiss (rapid)"]
[EventRounds "9"]
[EventCountry "GER"]
[SourceTitle "EXT 2025"]
[Source "ChessBase"]
[SourceDate "2024.10.14"]
[SourceVersion "1"]
[SourceVersionDate "2024.10.14"]
[SourceQuality "1"]

1. e4 c5 2. Nf3 d6 3. Bb5+ Nd7 4. d4 cxd4 5. Nxd4 Ngf6 6. 0-0 a6 7. Bd3 g6 8. c4 Bg7 9. Nc3 0-0 10. Re1 Nc5 11. Bf1 Ne6 12. Nc2 b6 13. Be3 Bb7 14. f3 Rc8 15. Rc1 Nc5 16. Nd4 Ncd7 17. b3 e6 18. Qd2 Qe7 19. Kh1 Rfe8 20. Rcd1 Red8 21. Nde2 Bf8 22. Nf4 Nc5 23. Qf2 Rb8 24. b4 Ncd7 25. Na4 b5 26. cxb5 axb5 27. Bxb5 Bxe4 28. Bxd7 Qxd7 29. Nc5 Qc6 30. Nxe4 Nxe4 31. fxe4 Rxb4 32. e5 d5 33. Rf1 Rb7 34. Qg3 Kh8 35. Nd3 Bg7 36. Bg5 Ra8 37. Bf6 Rxa2 38. Rc1 Rc2 39. Ra1 Qc8 40. Qf4 Kg8 41. Bxg7 Kxg7 42. Qf6+ Kg8 43. Nf4 Rbc7 44. Nh3 h6 45. Qf4 Kg7 46. Nf2 Qd8 47. Ng4 Qg5 48. Qxg5 hxg5 49. h3 R2c4 50. Rad1 Rf4 51. Kg1 Rc3 52. Rf2 Rxf2 53. Kxf2 Rc2+ 54. Kf3 Rc4 55. Rd2 Rc3+ 56. Ke2 Ra3 57. Rd3 Ra2+ 58. Kf3 Ra4 59. Rc3 Rf4+ 60. Ke2 Ra4 61. Rc8 Re4+ 62. Kd2 Rd4+ 63. Ke3 Re4+ 64. Kd3 Re1 65. Ra8 Re4 66. Rb8 Re1 67. Kd4 Re4+ 68. Kc5 Ra4 69. Nf6 Ra7 70. Rg8+ Kh6 71. Rh8+ Kg7 72. Rc8 Ra5+ 73. Kd6 Ra6+ 74. Ke7 Ra7+ 75. Ke8 d4 76. Rd8 Ra4 77. Rd7 Ra8+ 78. Ke7 Ra5 79. Ne8+ Kg8 80. Rd8 Ra7+ 81. Kf6 Kh7 82. Rxd4 Ra2 83. Kxf7 Rxg2 84. Nf6+ Kh6 85. Rd8 g4 86. h4 1-0

[Event "Olympiad-45"]
[Site "Budapest"]
[Date "2024.09.22"]
[Round "11.4"]
[White "Gledura, Benjamin"]
[Black "Santos Latasa, Jaime"]
[Result "1-0"]
[WhiteElo "2628"]
[BlackElo "2624"]
[PlyCount "85"]
[EventDate "2024.09.11"]
[EventType "team-swiss"]
[EventRounds "11"]
[EventCountry "HUN"]
[SourceTitle "EXT 2025"]
[Source "ChessBase"]
[SourceDate "2024.10.14"]
[SourceVersion "1"]
[SourceVersionDate "2024.10.14"]
[SourceQuality "1"]
[WhiteTeam "Hungary"]
[BlackTeam "Spain"]
[WhiteTeamCountry "HUN"]
[BlackTeamCountry "ESP"]

1. d4 Nf6 2. c4 e6 3. Nc3 Bb4 4. e3 0-0 5. a3 Bxc3+ 6. bxc3 c5 7. Bd3 Nc6 8. Ne2 b6 9. e4 Ne8 10. 0-0 Ba6 11. Nf4 e5 12. Nd5 exd4 13. e5 d6 14. f4 Ne7 15. cxd4 cxd4 16. a4 Rc8 17. Ra3 f5 18. Nxe7+ Qxe7 19. c5 dxe5 20. Bxa6 Rxc5 21. fxe5 Nc7 22. Be2 Qxe5 23. Raf3 Nd5 24. Ba3 Ne3 25. Qb3+ Kh8 26. Bxc5 Qxc5 27. Rb1 d3 28. Kh1 Ng4 29. Qxd3 Nf2+ 30. Rxf2 Qxf2 31. Bf3 Qc5 32. h3 g6 33. Qd7 a6 34. Re1 Rc8 35. Bb7 Rf8 36. Re7 Qc1+ 37. Kh2 Qf4+ 38. g3 Qf2+ 39. Bg2 Qb2 40. Rxh7+ Kg8 41. Rh6 Rf6 42. Qe8+ Kg7 43. Qh8+ 1-0